Statistics for Famous People Named William

Click here to take the quiz!

General Stats

  • This quiz has been taken 15,676 times
    (11,930 since last reset)
  • The average score is 13 of 22

Answer Stats

ClueAnswer% Correct
President between two BushesBill Clinton
97%
Playwright known as "The Bard"William Shakespeare
91%
Former world's richest manBill Gates
86%
He's the Fresh PrinceWill Smith
86%
"Piano Man" singerBilly Joel
75%
Norman who invaded England in 1066William the Conqueror
75%
Outlaw also called William H. BonneyBilly the Kid
65%
Shot an apple off his son's headWilliam Tell
65%
Scottish rebel portrated by Mel GibsonWilliam Wallace
65%
Compatriot of Leonard NimoyWilliam Shatner
62%
"Ghostbusters" starBill Murray
61%
Don't tell his heart, his
achy-breaky heart
Billy Ray Cyrus
60%
Once America's most beloved comic,
now maybe its most hated
Bill Cosby
57%
"White Wedding" singerBilly Idol
53%
Quaker who founded a U.S. stateWilliam Penn
49%
Wild west showman born
as William Cody
Buffalo Bill
47%
You could say this English Romantic
poet had a way with words
William Wordsworth
43%
Frequent Oscars hostBilly Crystal
40%
Name of two British PMs,
elder and younger
William Pitt
37%
"Lord of the Flies" authorWilliam Golding
35%
Baseball's "Say Hey Kid"Willie Mays
22%
Oklahoma cowboy and humorist who
never met a man he didn't like
Will Rogers
19%

Score Distribution

Percentile by Number Answered

Percent of People with Each Score

Your Score History

You have not taken this quiz since the last reset